Statistiken für Länder der Welt Quiz - 45 Minuten Zeit

Klicken Sie hier um das Quiz zu spielen!

Allgemein

  • Dieses Quiz wurde 1.107 mal gespielt
  • Das Durchschnittsergebnis liegt bei 155 aus 196

Antworten auf der Karte

Die Antworten werden auf der Karte rot bzw. grün angezeigt, abhängig davon wie oft sie richtig erraten wurden.
 

Antwortstatistiken

Land% Korrekt
Deutschland
94%
Albanien
93%
Belgien
93%
Dänemark
93%
Finnland
93%
Frankreich
93%
Island
93%
Belarus
92%
China
92%
Griechenland
92%
Italien
92%
Niederlande
92%
Norwegen
92%
Österreich
92%
Polen
92%
Portugal
92%
Russland
92%
Schweden
92%
Spanien
92%
Brasilien
91%
Estland
91%
Irland
91%
Lettland
91%
Luxemburg
91%
Schweiz
91%
Tschechien
91%
Ukraine
91%
Vereinigtes Königreich
91%
Andorra
90%
Argentinien
90%
Australien
90%
Bosnien und
Herzegowina
90%
Bulgarien
90%
Indien
90%
Japan
90%
Kanada
90%
Kroatien
90%
Litauen
90%
Ungarn
90%
Vereinigte Staaten
90%
Ägypten
89%
Mexiko
89%
Nordkorea
89%
Slowakei
89%
Slowenien
89%
Südkorea
89%
Türkei
89%
Chile
88%
Irak
88%
Iran
88%
Rumänien
88%
Kosovo
87%
Liechtenstein
87%
Nordmazedonien
87%
Peru
87%
Vatikanstadt
87%
Afghanistan
86%
Bolivien
86%
Kasachstan
86%
Malta
86%
Moldawien
86%
Mongolei
86%
Serbien
86%
Südafrika
86%
Zypern
86%
Algerien
85%
Indonesien
85%
Israel
85%
Kolumbien
85%
Marokko
85%
Neuseeland
85%
Saudi-Arabien
85%
Thailand
85%
Jemen
84%
Madagaskar
84%
Monaco
84%
Pakistan
84%
Aserbaidschan
83%
Demokratische
Republik Kongo
83%
Niger
83%
Republik Kongo
83%
San Marino
83%
Syrien
83%
Uruguay
83%
Vietnam
83%
Armenien
82%
Ecuador
82%
Kuba
82%
Montenegro
82%
Paraguay
82%
Venezuela
82%
Bangladesch
81%
Nepal
81%
Nigeria
81%
Tunesien
81%
Usbekistan
81%
Vereinigte Arabische
Emirate
81%
Haiti
80%
Jordanien
80%
Katar
80%
Oman
80%
Panama
80%
Philippinen
80%
Taiwan
80%
Turkmenistan
80%
Äthiopien
79%
Georgien
79%
Ghana
79%
Sudan
79%
Dominikanische
Republik
78%
Elfenbeinküste
78%
Jamaika
78%
Laos
78%
Libyen
78%
Sri Lanka
78%
Angola
77%
Costa Rica
77%
Kambodscha
77%
Libanon
77%
Malaysia
77%
Mali
77%
Südsudan
77%
Bahamas
76%
Bhutan
76%
Guinea
76%
Honduras
76%
Myanmar
76%
Kenia
75%
Kirgisistan
75%
Malediven
75%
Papua-Neuguinea
75%
Senegal
75%
Singapur
75%
Somalia
75%
Tadschikistan
75%
Togo
75%
Tschad
75%
Eritrea
74%
Fidschi
74%
Bahrain
73%
Guyana
73%
Namibia
72%
Uganda
72%
Zentralafrikanische
Republik
72%
Belize
71%
El Salvador
71%
Kuwait
71%
Suriname
71%
Benin
70%
Botswana
70%
Guatemala
70%
Kamerun
70%
Seychellen
70%
Äquatorial-Guinea
69%
Lesotho
69%
Mauretanien
69%
Ruanda
69%
Simbabwe
69%
Tansania
69%
Barbados
68%
Nicaragua
68%
Gabun
67%
Mosambik
67%
Osttimor
67%
Sambia
67%
Brunei
66%
Burundi
66%
Dominica
66%
Eswatini
66%
Liberia
66%
Burkina Faso
65%
Gambia
65%
Guinea-Bissau
65%
Kap Verde
65%
Malawi
65%
Dschibuti
64%
Mauritius
64%
Trinidad und Tobago
64%
Antigua und Barbuda
63%
Föderierte Staaten
von Mikronesien
63%
St. Lucia
62%
Samoa
61%
Sierra Leone
61%
Tuvalu
60%
Grenada
59%
Tonga
59%
Komoren
58%
São Tomé und
Príncipe
58%
St. Kitts und Nevis
58%
St. Vincent und die
Grenadinen
58%
Vanuatu
58%
Marshallinseln
57%
Palau
57%
Salomonen
57%
Kiribati
56%
Nauru
54%

Verteilung der Resultate

Perzentil nach korrekt beantworteten Fragen

Anzahl Personen mit jedem Resultat

Ihre Resultats-Entwicklung

Sie haben dieses Quiz noch nicht gespielt